[Event "4th Memorial Warakomska-A 2020"]
[Site "Suwalki"]
[Date "2020.08.10"]
[Round "6.15"]
[White "Strzelecki, Jerzy"]
[Black "Staroszczyk, Mateusz"]
[Result "1/2-1/2"]
[WhiteElo "1977"]
[BlackElo "1984"]
[Annotator "ChessBase"]
[PlyCount "80"]
[EventDate "2020.08.06"]
[EventType "swiss"]
[EventCountry "POL"]
[SourceTitle "playchess.com"]
[Source "ChessBase"]
[SourceQuality "1"]
[TimeControl "40/5400+30:1800+30"]

1. Nf3 c5 {[%emt 0:00:00]} 2. c4 {[%emt 0:00:12]} b6 {[%emt 0:00:09]} 3. Nc3 {[%emt 0:00:18]} Bb7 {[%emt 0:00:05]} 4. d4 {[%emt 0:00:13]} cxd4 {[%emt 0:00:13]} 5. Nxd4 {[%emt 0:00:01]} g6 {[%emt 0:00:37]} 6. e4 {[%emt 0:00:08]} Bg7 {[%emt 0:00:18]} 7. Be3 {[%emt 0:00:09]} Nc6 {[%emt 0:00:48]} 8. Be2 {[%emt 0:00:46]} Nf6 {[%emt 0:00:20]} 9. Qd2 {[%emt 0:00:31]} O-O {[%emt 0:00:30]} 10. f3 {[%emt 0:00:08]} Rc8 {[%emt 0:08:55]} 11. O-O {[%emt 0:02:32]} Ne5 {[%emt 0:01:18]} 12. b3 {[%emt 0:00:13]} Nc6 {[%emt 0:07:07]} 13. Rac1 {[%emt 0:01:12]} Re8 {[%emt 0:05:10]} 14. Rfd1 {[%emt 0:00:25]} d6 {[%emt 0:00:22]} 15. Nd5 {[%emt 0:02:44]} Nxd4 {[%emt 0:04:56]} 16. Bxd4 {[%emt 0:00:53]} Bxd5 {[%emt 0:00:56]} 17. cxd5 {[%emt 0:00:19]} Qd7 {[%emt 0:07:21]} 18. Ba6 {[%emt 0:02:24]} Rxc1 {[%emt 0:00:09]} 19. Rxc1 {[%emt 0:00:08]} Rd8 {[%emt 0:15:34]} 20. Be3 {[%emt 0:00:33]} e6 {[%emt 0:01:56]} 21. dxe6 {[%emt 0:07:35]} Qxe6 {[%emt 0:00:36]} 22. Rd1 {[%emt 0:03:01]} h5 {[%emt 0:18:22]} 23. Bc4 {[%emt 0:02:42]} Qe7 {[%emt 0:01:40]} 24. Bf4 {[%emt 0:03:49]} Ne8 {[%emt 0:00:45]} 25. Qd5 {[%emt 0:07:32]} Bf6 {[%emt 0:01:04]} 26. e5 {[%emt 0:08:19]} dxe5 {[%emt 0:01:50]} 27. Qxd8 {[%emt 0:00:19]} Qxd8 {[%emt 0:00:03]} 28. Rxd8 {[%emt 0:00:07]} Bxd8 {[%emt 0:00:03]} 29. Bxe5 {[%emt 0:00:12]} Bc7 {[%emt 0:02:04]} 30. Bc3 {[%emt 0:03:29]} Kf8 {[%emt 0:01:34]} 31. h3 {[%emt 0:00:09]} h4 {[%emt 0:07:01]} 32. Kf2 {[%emt 0:00:39]} Ke7 {[%emt 0:01:27]} 33. Ke3 {[%emt 0:01:07]} Nd6 {[%emt 0:04:14]} 34. Bd3 {[%emt 0:00:49]} Ke6 {[%emt 0:03:10]} 35. f4 {[%emt 0:17:28]} Bd8 {[%emt 0:01:31]} 36. Kf3 {[%emt 0:01:42]} f5 {[%emt 0:01:29]} 37. Be5 {[%emt 0:04:11]} Kd5 {[%emt 0:02:21]} 38. Bxd6 {[%emt 0:00:20]} Kxd6 {[%emt 0:00:01]} 39. Bc4 {[%emt 0:00:16]} Ke7 {[%emt 0:00:15]} 40. Bd5 {[%emt 0:00:00]} Kf6 {[%emt 0:00:00]} 1/2-1/2

[Event "4th Memorial Warakomska-A 2020"]
[Site "Suwalki"]
[Date "2020.08.10"]
[Round "6.16"]
[White "Flis, Pawel"]
[Black "Sobocinski, Slawomir"]
[Result "1/2-1/2"]
[WhiteElo "1873"]
[BlackElo "1914"]
[Annotator "ChessBase"]
[PlyCount "156"]
[EventDate "2020.08.06"]
[EventType "swiss"]
[EventCountry "POL"]
[SourceTitle "playchess.com"]
[Source "ChessBase"]
[SourceQuality "1"]
[TimeControl "40/5400+30:1800+30"]

1. Nf3 {[%emt 0:00:00]} d5 {[%emt 0:00:49]} 2. g3 {[%emt 0:00:00]} g6 {[%emt 0:00:42]} 3. Bg2 {[%emt 0:00:01]} Bg7 {[%emt 0:00:13]} 4. O-O {[%emt 0:00:10]} Nf6 {[%emt 0:00:43]} 5. c4 {[%emt 0:01:16]} c5 {[%emt 0:02:21]} 6. d3 {[%emt 0:01:22]} O-O {[%emt 0:07:45]} 7. Nc3 {[%emt 0:08:05]} Nc6 {[%emt 0:00:49]} 8. cxd5 {[%emt 0:07:54]} Nxd5 {[%emt 0:00:20]} 9. Nxd5 {[%emt 0:07:16]} Qxd5 {[%emt 0:00:17]} 10. Qa4 {[%emt 0:04:54]} Bd7 {[%emt 0:23:55]} 11. Qh4 {[%emt 0:04:36]} Qh5 {[%emt 0:05:28]} 12. Qxh5 {[%emt 0:10:39]} gxh5 {[%emt 0:00:12]} 13. Be3 {[%emt 0:00:03]} Nd4 {[%emt 0:01:12]} 14. Nxd4 {[%emt 0:04:24]} cxd4 {[%emt 0:07:23]} 15. Bf4 {[%emt 0:05:03]} e5 {[%emt 0:00:31]} 16. Bd2 {[%emt 0:01:08]} Rac8 {[%emt 0:03:06]} 17. Rfc1 {[%emt 0:02:04]} Bc6 {[%emt 0:05:11]} 18. Bxc6 {[%emt 0:01:49]} Rxc6 {[%emt 0:00:08]} 19. Rxc6 {[%emt 0:00:10]} bxc6 {[%emt 0:00:09]} 20. Rc1 {[%emt 0:00:46]} Rc8 {[%emt 0:00:10]} 21. Rc5 {[%emt 0:05:13]} f6 {[%emt 0:01:38]} 22. Kg2 {[%emt 0:00:53]} Bf8 {[%emt 0:03:30]} 23. Rc4 {[%emt 0:00:14]} Kf7 {[%emt 0:04:09]} 24. Kh3 {[%emt 0:02:17]} Be7 {[%emt 0:01:26]} 25. b4 {[%emt 0:02:49]} a6 {[%emt 0:00:25]} 26. a4 {[%emt 0:00:26]} Ke6 {[%emt 0:03:03]} 27. Kh4 {[%emt 0:05:20]} f5+ {[%emt 0:05:47]} 28. Bg5 {[%emt 0:02:53]} Bf8 {[%emt 0:00:58]} 29. Kxh5 {[%emt 0:06:14]} Kd5 {[%emt 0:01:31]} 30. b5 {[%emt 0:06:25]} axb5 {[%emt 0:00:05]} 31. axb5 {[%emt 0:00:04]} c5 {[%emt 0:00:30]} 32. Bh6 {[%emt 0:02:02]} Be7 {[%emt 0:00:09]} 33. Rc2 {[%emt 0:01:46]} Rb8 {[%emt 0:00:41]} 34. Rb2 {[%emt 0:00:16]} c4 {[%emt 0:02:17]} 35. dxc4+ {[%emt 0:00:06]} Kxc4 {[%emt 0:00:07]} 36. Bg7 {[%emt 0:01:34]} e4 {[%emt 0:01:55]} 37. Be5 {[%emt 0:01:26]} Rb7 {[%emt 0:01:30]} 38. b6 {[%emt 0:02:39]} d3 {[%emt 0:02:51]} 39. exd3+ {[%emt 0:01:16]} exd3 {[%emt 0:00:03]} 40. g4 {[%emt 0:00:00]} fxg4 {[%emt 0:00:00]} 41. Kxg4 {[%emt 0:01:04]} Bb4 {[%emt 0:01:17]} 42. Bf4 {[%emt 0:09:44]} Bc3 {[%emt 0:01:15]} 43. Rb1 {[%emt 0:00:31]} d2 {[%emt 0:00:35]} 44. Bxd2 {[%emt 0:11:47]} Bxd2 {[%emt 0:00:35]} 45. f4 {[%emt 0:00:09]} Be3 {[%emt 0:00:36]} 46. f5 {[%emt 0:00:33]} Bxb6 {[%emt 0:02:06]} 47. f6 {[%emt 0:00:52]} Kc5 {[%emt 0:00:15]} 48. Kf5 {[%emt 0:00:43]} Kd5 {[%emt 0:01:35]} 49. h3 {[%emt 0:01:30]} Rb8 {[%emt 0:05:39]} 50. f7 {[%emt 0:06:45]} Rf8 {[%emt 0:01:29]} 51. Rxb6 {[%emt 0:01:26]} Rxf7+ {[%emt 0:00:03]} 52. Kg5 {[%emt 0:00:17]} Ke5 {[%emt 0:01:12]} 53. h4 {[%emt 0:00:28]} Rf5+ {[%emt 0:00:46]} 54. Kg4 {[%emt 0:00:28]} Rf4+ {[%emt 0:00:06]} 55. Kg3 {[%emt 0:00:09]} Rf7 {[%emt 0:00:16]} 56. h5 {[%emt 0:00:58]} Rg7+ {[%emt 0:00:44]} 57. Kh4 {[%emt 0:00:10]} Kf5 {[%emt 0:01:30]} 58. Rb1 {[%emt 0:01:29]} Rg4+ {[%emt 0:01:24]} 59. Kh3 {[%emt 0:00:05]} Rg7 {[%emt 0:02:22]} 60. Rf1+ {[%emt 0:00:20]} Kg5 {[%emt 0:00:15]} 61. Rg1+ {[%emt 0:00:35]} Kh6 {[%emt 0:00:58]} 62. Rxg7 {[%emt 0:00:54]} Kxg7 {[%emt 0:00:02]} 63. Kg4 {[%emt 0:00:08]} Kf6 {[%emt 0:00:08]} 64. Kh4 {[%emt 0:00:16]} Kf5 {[%emt 0:00:08]} 65. Kh3 {[%emt 0:00:43]} Kg5 {[%emt 0:00:03]} 66. h6 {[%emt 0:00:08]} Kxh6 {[%emt 0:00:13]} 67. Kh2 {[%emt 0:00:04]} Kg5 {[%emt 0:00:07]} 68. Kh1 {[%emt 0:00:08]} Kg4 {[%emt 0:00:18]} 69. Kh2 {[%emt 0:00:06]} h5 {[%emt 0:00:12]} 70. Kg2 {[%emt 0:00:17]} h4 {[%emt 0:00:04]} 71. Kh2 {[%emt 0:00:10]} h3 {[%emt 0:00:06]} 72. Kh1 {[%emt 0:00:41]} Kg3 {[%emt 0:00:15]} 73. Kg1 {[%emt 0:00:06]} Kf3 {[%emt 0:00:16]} 74. Kh1 {[%emt 0:00:11]} Kg4 {[%emt 0:00:16]} 75. Kh2 {[%emt 0:00:09]} Kh4 {[%emt 0:00:04]} 76. Kh1 {[%emt 0:00:08]} Kg3 {[%emt 0:00:06]} 77. Kg1 {[%emt 0:00:04]} h2+ {[%emt 0:00:35]} 78. Kh1 {[%emt 0:00:06]} Kh3 {[%emt 0:00:31]} 1/2-1/2

[Event "4th Memorial Warakomska-A 2020"]
[Site "Suwalki"]
[Date "2020.08.11"]
[Round "7.1"]
[White "Gumularz, Szymon"]
[Black "Shilov, Sergej"]
[Result "1-0"]
[WhiteElo "2513"]
[BlackElo "2121"]
[Annotator "ChessBase"]
[PlyCount "83"]
[EventDate "2020.08.06"]
[EventType "swiss"]
[EventCountry "POL"]
[SourceTitle "playchess.com"]
[Source "ChessBase"]
[SourceQuality "1"]
[TimeControl "40/5400+30:1800+30"]

1. e4 {[%emt 0:00:00]} c5 {[%emt 0:00:16]} 2. Nf3 {[%emt 0:00:00]} e6 {[%emt 0:00:20]} 3. d4 {[%emt 0:01:11]} cxd4 {[%emt 0:00:07]} 4. Nxd4 {[%emt 0:00:04]} Nc6 {[%emt 0:01:08]} 5. Nc3 {[%emt 0:00:10]} a6 {[%emt 0:01:35]} 6. g3 {[%emt 0:01:03]} Qc7 {[%emt 0:05:42]} 7. Bg2 {[%emt 0:00:51]} b5 {[%emt 0:00:50]} 8. O-O {[%emt 0:00:27]} Bb7 {[%emt 0:00:18]} 9. Re1 {[%emt 0:03:34]} Be7 {[%emt 0:19:19]} 10. Nxc6 {[%emt 0:06:19]} dxc6 {[%emt 0:04:03]} 11. e5 {[%emt 0:00:15]} h5 {[%emt 0:02:49]} 12. h4 {[%emt 0:06:22]} Bb4 {[%emt 0:04:29]} 13. a4 {[%emt 0:17:12]} Ne7 {[%emt 0:04:17]} 14. Qe2 {[%emt 0:36:21]} g6 {[%emt 0:06:06]} 15. Bd2 {[%emt 0:02:35]} Bxc3 {[%emt 0:13:22]} 16. Bxc3 {[%emt 0:02:02]} Rc8 {[%emt 0:04:14]} 17. axb5 {[%emt 0:06:35]} cxb5 {[%emt 0:00:09]} 18. Bxb7 {[%emt 0:00:24]} Qxb7 {[%emt 0:00:15]} 19. Bb4 {[%emt 0:00:29]} Nd5 {[%emt 0:01:12]} 20. Bd6 {[%emt 0:01:32]} Qc6 {[%emt 0:00:16]} 21. c3 {[%emt 0:01:54]} f5 {[%emt 0:03:07]} 22. Qd2 {[%emt 0:00:46]} f4 {[%emt 0:03:31]} 23. Re4 {[%emt 0:02:12]} Rh7 {[%emt 0:07:11]} 24. Qd3 {[%emt 0:00:26]} Rf7 {[%emt 0:00:44]} 25. Rc1 {[%emt 0:01:20]} Qb7 {[%emt 0:01:57]} 26. b3 {[%emt 0:04:10]} fxg3 {[%emt 0:01:48]} 27. fxg3 {[%emt 0:00:37]} Qb6+ {[%emt 0:03:49]} 28. Rd4 {[%emt 0:00:20]} Rf5 {[%emt 0:00:33]} 29. c4 {[%emt 0:02:44]} Ne7 {[%emt 0:03:16]} 30. c5 {[%emt 0:01:20]} Qb7 {[%emt 0:00:29]} 31. Bxe7 {[%emt 0:00:38]} Kxe7 {[%emt 0:00:26]} 32. Rd1 {[%emt 0:00:39]} Rc7 {[%emt 0:00:27]} 33. Rd8 {[%emt 0:00:53]} Kf7 {[%emt 0:03:32]} 34. Qd6 {[%emt 0:00:16]} Kg7 {[%emt 0:00:30]} 35. Qxe6 {[%emt 0:00:29]} Rcf7 {[%emt 0:00:45]} 36. Qd5 {[%emt 0:01:16]} Qe7 {[%emt 0:03:42]} 37. Rd7 {[%emt 0:00:20]} Qf8 {[%emt 0:00:32]} 38. Rxf7+ {[%emt 0:00:19]} Rxf7 {[%emt 0:00:03]} 39. e6 {[%emt 0:00:24]} Rf5 {[%emt 0:00:11]} 40. Qd7+ {[%emt 0:00:00]} Kf6 {[%emt 0:00:00]} 41. Qd4+ {[%emt 0:02:43]} Kxe6 {[%emt 0:03:20]} 42. Qd7+ {[%emt 0:00:47]} 1-0

[Event "4th Memorial Warakomska-A 2020"]
[Site "Suwalki"]
[Date "2020.08.11"]
[Round "7.2"]
[White "Lewicki, Miroslaw"]
[Black "Janik, Igor"]
[Result "0-1"]
[WhiteElo "2340"]
[BlackElo "2467"]
[Annotator "ChessBase"]
[PlyCount "78"]
[EventDate "2020.08.06"]
[EventType "swiss"]
[EventCountry "POL"]
[SourceTitle "playchess.com"]
[Source "ChessBase"]
[SourceQuality "1"]
[TimeControl "40/5400+30:1800+30"]

1. e4 {[%emt 0:00:00]} c5 {[%emt 0:00:00]} 2. Nf3 {[%emt 0:00:00]} e6 {[%emt 0:00:00]} 3. d4 {[%emt 0:00:26]} cxd4 {[%emt 0:00:00]} 4. Nxd4 {[%emt 0:00:06]} Nc6 {[%emt 0:00:00]} 5. Be3 {[%emt 0:02:36]} Nf6 {[%emt 0:01:53]} 6. Nc3 {[%emt 0:03:14]} Bb4 {[%emt 0:01:47]} 7. Nxc6 {[%emt 0:08:49]} bxc6 {[%emt 0:01:25]} 8. e5 {[%emt 0:03:22]} Ne4 {[%emt 0:19:31]} 9. Qg4 {[%emt 0:03:57]} Qa5 {[%emt 0:11:40]} 10. Qxg7 {[%emt 0:07:40]} Rf8 {[%emt 0:00:12]} 11. Bd3 {[%emt 0:06:22]} Nxc3 {[%emt 0:01:12]} 12. a3 {[%emt 0:00:03]} Ne4+ {[%emt 0:28:05]} 13. Ke2 {[%emt 0:01:40]} Be7 14. Bxe4 {[%emt 0:08:06]} Ba6+ {[%emt 0:00:57]} 15. Bd3 {[%emt 0:00:23]} Bxd3+ {[%emt 0:05:18]} 16. cxd3 {[%emt 0:00:17]} Qd5 {[%emt 0:03:24]} 17. g3 {[%emt 0:04:11]} a5 {[%emt 0:03:23]} 18. Rhc1 {[%emt 0:10:07]} f5 {[%emt 0:05:22]} 19. d4 {[%emt 0:16:43]} Rf7 {[%emt 0:01:58]} 20. Qg8+ {[%emt 0:00:59]} Bf8 {[%emt 0:00:07]} 21. Qg5 {[%emt 0:02:09]} Rb8 {[%emt 0:01:24]} 22. Rc2 {[%emt 0:00:30]} Rb3 {[%emt 0:00:32]} 23. a4 {[%emt 0:00:37]} Qe4 {[%emt 0:00:37]} 24. Rac1 {[%emt 0:03:42]} Qd3+ {[%emt 0:01:02]} 25. Kf3 {[%emt 0:00:06]} Qe4+ {[%emt 0:00:25]} 26. Ke2 {[%emt 0:00:06]} Qd3+ {[%emt 0:00:01]} 27. Kf3 {[%emt 0:00:06]} Qxd4 {[%emt 0:00:21]} 28. Kg2 {[%emt 0:02:37]} Qxe5 {[%emt 0:00:59]} 29. Kg1 {[%emt 0:03:12]} Rb4 {[%emt 0:01:41]} 30. Rd1 {[%emt 0:01:17]} Qe4 {[%emt 0:00:47]} 31. Rcd2 {[%emt 0:00:09]} Qg4 {[%emt 0:00:41]} 32. Qxg4 {[%emt 0:00:36]} fxg4 {[%emt 0:00:31]} 33. Rd4 {[%emt 0:00:13]} d5 {[%emt 0:01:43]} 34. b3 {[%emt 0:01:05]} Rfb7 {[%emt 0:01:01]} 35. Rxb4 {[%emt 0:00:33]} Bxb4 {[%emt 0:00:14]} 36. h3 {[%emt 0:01:13]} gxh3 {[%emt 0:00:48]} 37. Kh2 {[%emt 0:00:05]} Kd7 {[%emt 0:01:06]} 38. Kxh3 {[%emt 0:00:07]} Kd6 {[%emt 0:00:01]} 39. Kg4 {[%emt 0:01:31]} Bc3 {[%emt 0:02:01]} 0-1

[Event "4th Memorial Warakomska-A 2020"]
[Site "Suwalki"]
[Date "2020.08.11"]
[Round "7.4"]
[White "Mulet, Piotr"]
[Black "Malaczek, Mateusz"]
[Result "1-0"]
[WhiteElo "2217"]
[BlackElo "2036"]
[Annotator "ChessBase"]
[PlyCount "69"]
[EventDate "2020.08.06"]
[EventType "swiss"]
[EventCountry "POL"]
[SourceTitle "playchess.com"]
[Source "ChessBase"]
[SourceQuality "1"]
[TimeControl "40/5400+30:1800+30"]

1. e4 {[%emt 0:00:00]} g6 {[%emt 0:00:00]} 2. d4 {[%emt 0:00:00]} Bg7 {[%emt 0:00:00]} 3. Nc3 {[%emt 0:00:03]} d6 {[%emt 0:00:00]} 4. Bc4 {[%emt 0:00:35]} Nf6 {[%emt 0:00:14]} 5. Nf3 {[%emt 0:00:55]} O-O {[%emt 0:00:09]} 6. O-O {[%emt 0:00:22]} Nc6 {[%emt 0:00:19]} 7. d5 {[%emt 0:01:01]} Nb8 {[%emt 0:00:23]} 8. h3 {[%emt 0:03:32]} c6 {[%emt 0:02:08]} 9. dxc6 {[%emt 0:00:21]} Nxc6 {[%emt 0:02:14]} 10. Be3 {[%emt 0:01:17]} a6 {[%emt 0:02:37]} 11. a4 {[%emt 0:05:42]} Bd7 {[%emt 0:03:47]} 12. Qd2 {[%emt 0:02:12]} Rc8 {[%emt 0:02:44]} 13. Bd3 {[%emt 0:02:35]} Na5 {[%emt 0:05:24]} 14. Bh6 {[%emt 0:03:13]} Be6 {[%emt 0:10:55]} 15. Bxg7 {[%emt 0:00:27]} Kxg7 {[%emt 0:00:05]} 16. b3 {[%emt 0:02:12]} Qc7 {[%emt 0:10:01]} 17. Ne2 {[%emt 0:00:53]} d5 {[%emt 0:04:05]} 18. e5 {[%emt 0:05:03]} Ne4 {[%emt 0:06:02]} 19. Qe3 {[%emt 0:03:12]} Nc5 {[%emt 0:18:21]} 20. Nfd4 {[%emt 0:01:49]} Nxd3 {[%emt 0:09:26]} 21. cxd3 {[%emt 0:00:09]} Qd7 {[%emt 0:02:31]} 22. h4 {[%emt 0:03:06]} Nc6 {[%emt 0:01:34]} 23. Rae1 {[%emt 0:04:35]} Nxd4 {[%emt 0:01:08]} 24. Nxd4 {[%emt 0:00:06]} Rc3 {[%emt 0:03:17]} 25. h5 {[%emt 0:01:17]} h6 {[%emt 0:02:56]} 26. f4 {[%emt 0:05:01]} Kh7 {[%emt 0:05:31]} 27. Qd2 {[%emt 0:17:14]} Rfc8 {[%emt 0:02:05]} 28. Re3 {[%emt 0:00:06]} Bf5 {[%emt 0:01:01]} 29. e6 {[%emt 0:06:24]} fxe6 {[%emt 0:00:45]} 30. Rfe1 {[%emt 0:00:05]} Bg4 {[%emt 0:04:24]} 31. hxg6+ {[%emt 0:00:32]} Kg8 {[%emt 0:00:24]} 32. f5 {[%emt 0:02:01]} Bxf5 {[%emt 0:00:40]} 33. Nxf5 {[%emt 0:00:34]} Rc2 {[%emt 0:00:13]} 34. Nxh6+ {[%emt 0:01:26]} Kg7 {[%emt 0:00:12]} 35. Qd1 {[%emt 0:00:39]} 1-0

[Event "4th Memorial Warakomska-A 2020"]
[Site "Suwalki"]
[Date "2020.08.11"]
[Round "7.5"]
[White "Rudzinska, Michalina"]
[Black "Praczukowski, Stanislaw"]
[Result "1/2-1/2"]
[WhiteElo "2080"]
[BlackElo "2132"]
[Annotator "TA"]
[PlyCount "112"]
[EventDate "2020.08.06"]
[EventType "swiss"]
[EventCountry "POL"]
[SourceTitle "playchess.com"]
[Source "ChessBase"]
[SourceQuality "1"]

{[%evp 19,112,-15,-6,-9,-16,-20,6,0,0,-43,-43,-55,-50,-48,-55,-51,-32,-85,-31,-30,-7,-7,-6,-28,25,12,3,0,18,13,19,18,15,0,52,45,46,0,19,2,8,8,8,8,22,0,14,0,22,11,11,11,11,11,168,164,254,247,317,317,317,313,294,211,296,274,313,306,305,259,231,189,189,189,412,416,410,402,380,351,1517,1470,1250,1225,953,1112,1164,805,29981,8,8,8,8,8,8]} 1. e4 c5 2. Nf3 e6 3. d4 cxd4 4. Nxd4 Nc6 5. Nxc6 bxc6 6. Bd3 Nf6 7. O-O d5 8. Qe2 Be7 9. Nd2 O-O 10. Re1 a5 11. e5 {B40: Sicilian: 2...e6, Unusual lines.} Nd7 12. c3 Nc5 13. Bc2 {[#]} Ba6 $146 ({Predecessor:} 13... f5 14. Nf3 Ba6 15. Qd1 Qb6 16. Nd4 Bc8 17. f3 f4 18. g3 fxg3 19. hxg3 Nd7 20. f4 Rf7 21. Rb1 c5 22. Nxe6 Qxe6 23. f5 Qb6 24. e6 {1-0 (24) Deisz,A-Vaassen,J Netherlands 1990}) 14. Qg4 (14. Qe3 {feels hotter.} f5 15. exf6 Rxf6 16. Nf3 Bd6 17. Ne5) 14... Bd3 15. Bxd3 Nxd3 16. Re3 Nxc1 17. Rxc1 g6 18. Rh3 (18. Rc2 $15) 18... Bg5 ({Black should try} 18... Qb8 $17 19. Qf4 Qxb2) 19. Rd1 Bxd2 20. Rxd2 Qe7 21. Re2 Rab8 (21... Kg7 $142) 22. Qf4 $11 Rb7 23. b3 c5 {Black wants to play ...c4!} 24. Qh6 {[%csl Gh3][%cal Rh6h7] [#]} f5 25. exf6 $1 Rxf6 26. Rhe3 d4 (26... c4 $11) 27. cxd4 $14 cxd4 28. Rd3 Qc5 {White must now prevent ...g5.} 29. h4 e5 $132 {[%mdl 2048] Black is fighting back} 30. h5 Rbf7 31. Rg3 {[%cal Rh5g6]} Rg7 32. Qd2 (32. a4 {is interesting.} Rd6 33. Qd2 Qd5 34. Rg5 Re7 35. Re1) 32... Rc6 33. Rg5 Qc1+ 34. Qxc1 Rxc1+ $11 {[%mdl 4096] Endgame KRR-KRR} 35. Kh2 d3 36. Rd2 gxh5 $2 (36... e4 $11 {and Black stays safe.}) 37. Rxe5 $18 Rd7 (37... a4 {was necessary.} 38. Rxd3 axb3 39. axb3 (39. Rxb3 Rc2 $16) 39... Rc2) 38. Rxa5 Rc2 39. Rxc2 dxc2 {KR-KR} 40. Rc5 Rd2 41. Kg3 h4+ (41... Kf7 $142 42. Kf3 c1=B) 42. Kf3 ({Less strong is} 42. Kxh4 Rxf2 43. g4 c1=B $16) 42... Kf7 43. Ke3 c1=Q 44. Rxc1 Rxa2 45. Rb1 Ke6 {[#]} 46. b4 $1 {[%cal Bb3b4,Bb4b5,Bb5b6][%mdl 32]} Kd6 $2 (46... Ra3+ 47. Ke2 Ra2+ 48. Kf3 Ra3+ 49. Kg4 Ra2) 47. b5 Kc7 48. b6+ Kb7 49. Rb4 h3 $2 (49... h5 50. Rxh4 Ra3+ 51. Kf4 Ra5) 50. gxh3 Ra3+ 51. Kf4 Rxh3 52. Kg4 Rh6 53. f4 Rxb6 54. Re4 $2 (54. Rxb6+ {mates} Kxb6 55. f5 Kc6 56. Kg5 Kd5 57. Kf6 h5 58. Kg7 Ke4 59. f6) 54... Kc7 $11 {The position is equal.} 55. Re7+ Kd8 56. Rxh7 Ke8 {Accuracy: White = 83%, Black = 49%.} 1/2-1/2

[Event "4th Memorial Warakomska-A 2020"]
[Site "Suwalki"]
[Date "2020.08.11"]
[Round "7.6"]
[White "Backiel, Hubert"]
[Black "Deruelle Sala, Albert"]
[Result "1/2-1/2"]
[WhiteElo "1943"]
[BlackElo "2078"]
[Annotator "ChessBase"]
[PlyCount "86"]
[EventDate "2020.08.06"]
[EventType "swiss"]
[EventCountry "POL"]
[SourceTitle "playchess.com"]
[Source "ChessBase"]
[SourceQuality "1"]
[TimeControl "40/5400+30:1800+30"]

1. e4 {[%emt 0:00:00]} c5 {[%emt 0:00:00]} 2. Nf3 {[%emt 0:00:00]} e6 {[%emt 0:00:00]} 3. d4 {[%emt 0:00:00]} cxd4 {[%emt 0:00:00]} 4. Nxd4 {[%emt 0:00:00]} a6 {[%emt 0:00:00]} 5. c4 {[%emt 0:00:00]} Nf6 {[%emt 0:00:00]} 6. Nc3 {[%emt 0:00:06]} Bb4 {[%emt 0:00:04]} 7. Qd3 {[%emt 0:00:06]} O-O {[%emt 0:00:08]} 8. e5 {[%emt 0:00:05]} Ne8 {[%emt 0:00:05]} 9. Be2 {[%emt 0:00:04]} Qc7 {[%emt 0:00:34]} 10. Nf3 {[%emt 0:00:25]} Nc6 {[%emt 0:00:56]} 11. Ng5 {[%emt 0:05:18]} f5 {[%emt 0:02:46]} 12. exf6 {[%emt 0:01:31]} Nxf6 {[%emt 0:00:05]} 13. O-O {[%emt 0:03:01]} Ne5 {[%emt 0:07:16]} 14. Qg3 {[%emt 0:01:19]} Bd6 {[%emt 0:00:30]} 15. Qh3 {[%emt 0:01:15]} h6 {[%emt 0:05:08]} 16. Nge4 {[%emt 0:00:25]} Nxe4 {[%emt 0:00:21]} 17. Nxe4 {[%emt 0:00:07]} Be7 {[%emt 0:02:02]} 18. Qg3 {[%emt 0:02:22]} Kh8 {[%emt 0:00:36]} 19. Bf4 {[%emt 0:02:03]} Nf3+ {[%emt 0:00:34]} 20. Bxf3 {[%emt 0:02:08]} Qxf4 {[%emt 0:08:19]} 21. Rfd1 {[%emt 0:15:47]} Rb8 {[%emt 0:01:24]} 22. c5 {[%emt 0:15:17]} Qxg3 {[%emt 0:01:37]} 23. hxg3 {[%emt 0:00:47]} b6 {[%emt 0:00:12]} 24. Nd6 {[%emt 0:09:50]} bxc5 {[%emt 0:00:32]} 25. Nxc8 {[%emt 0:00:10]} Rfxc8 {[%emt 0:00:26]} 26. Rxd7 {[%emt 0:01:04]} Bf6 {[%emt 0:00:02]} 27. Bb7 {[%emt 0:00:15]} Rf8 {[%emt 0:08:10]} 28. Rc1 {[%emt 0:12:17]} Bd4 {[%emt 0:00:51]} 29. Rc2 {[%emt 0:00:01]} Rf6 {[%emt 0:13:15]} 30. Kf1 {[%emt 0:06:21]} e5 {[%emt 0:00:22]} 31. b3 {[%emt 0:02:15]} h5 {[%emt 0:08:06]} 32. Be4 {[%emt 0:01:53]} Rbf8 {[%emt 0:01:02]} 33. f3 {[%emt 0:00:12]} Rh6 {[%emt 0:00:17]} 34. Ke2 {[%emt 0:08:35]} g5 {[%emt 0:01:04]} 35. Rc1 {[%emt 0:00:57]} g4 {[%emt 0:07:20]} 36. Rh1 {[%emt 0:03:52]} Rg8 {[%emt 0:02:51]} 37. Rf7 {[%emt 0:02:03]} gxf3+ {[%emt 0:01:41]} 38. Kxf3 {[%emt 0:00:09]} Rg5 {[%emt 0:01:30]} 39. Rh3 {[%emt 0:06:24]} Kg8 {[%emt 0:00:18]} 40. Rf5 {[%emt 0:00:00]} Rxf5+ {[%emt 0:00:00]} 41. Bxf5 {[%emt 0:00:14]} Kg7 {[%emt 0:01:40]} 42. Ke4 {[%emt 0:01:44]} Kf6 {[%emt 0:04:29]} 43. g4 {[%emt 0:02:04]} h4 {[%emt 0:00:57]} 1/2-1/2